| 000 | 01069nam a22002537a 4500 | ||
|---|---|---|---|
| 005 | 20170124103053.0 | ||
| 010 | _aA-890100 | ||
| 020 |
_c150.00 _a8172017758 |
||
| 035 | _aA-890100 | ||
| 037 | _bCen Lib/Ret | ||
| 040 |
_aDPL _bHN |
||
| 082 |
_aउ _bतुर्गने |
||
| 100 |
_aतुर्गनेव, ईवान _971112 |
||
| 245 |
_aबसंती झरना / _cईवान तुर्गनेव |
||
| 246 |
_aBasanti jharna / _bby Ivan Turganev |
||
| 260 |
_aनयी दिल्ली _c1999 _bसंस्कृति साहित्य |
||
| 270 |
_bनयी दिल्ली _a30/12 ए-22 गली न.९, विश्वास नगर, शाहदरा _e110032 |
||
| 300 |
_a191पृ. _c19सेमी(सजिल्द ) |
||
| 650 |
_aरूसी साहित्य _971113 |
||
| 650 |
_aरूसी साहित्य _xउपन्यास _971114 |
||
| 650 |
_aRussian literature _971115 |
||
| 650 |
_aRussian literature _xfiction _971116 |
||
| 942 |
_2ddc _cHN _hउ _mतुर्गने |
||
| 999 |
_c117275 _d117275 |
||